000 01803nam a2200409 c 4500
003 BLK
005 20230116114725.0
008 180409b bul|||||r ||||||| ||bul||
010 _aKNG00107717000
020 _a954-528-391-2
_bиздат.: Труд
040 _aBLK
041 _aBUL
_cBUL
080 _aШпионаж. Политическо влияние чрез тайни (разузнавателни) служби
_b327.84
_x(73)
_z327.84(73)
080 _aСтудена война
_b327.54
_x
_z327.54
080 _aЦивилизация. Култура. Прогрес. История на културата вж 930.85
_b008
_x(100)(091)
_z008(100)(091)
100 1 _aСондърс, Франсис
_eпърви автор
_9309293
700 1 _aПопова, Милена
_eпрев. от англ.
_9366614
139 _aСондърс, Франсис
_bС 51
245 1 0 _aЦРУ срещу червения оркестър
_cФрансис Сондърс; прев. от англ. Милена Попова.
257 _aUSA
260 София
_bТруд
_c2003
_fСофия : Инвестпрес АД
300 _a400 с.
_c21 см
380 _a3
490 1 _aПоредица Строго секретно
500 _aОриг. загл. Who Paid the Piper The CIA and thebCultural Cold War / Frances Stonor Saunder. - Офс. изд. - Библиогр. под линия
650 4 _aСтудена война
_9278784
650 4 _aШпионаж и диверсия - САЩ - история
_9302160
650 4 _aКултура - история
_9248181
653 _aЦРУ
653 _aшпионаж
653 _aСАЩ
852 _aЦб 215915
856 4 _qpdf
_u
856 4 _qpdf
_u
942 _cKNG
_n0
_04
944 _aCR
_c15.01.2003
_kГеновева_Генчева
944 _aED
_c30.08.2004
_k
999 _c102648
_d102648